Java & XML
Concepts de base, SAX, concepts SAX avancés, concepts DOM avancés, concepts JDOM avancés, cadres de publication web...
שמור ב:
| מחבר ראשי: | |
|---|---|
| פורמט: | ספר |
| שפה: | Undetermined |
| יצא לאור: |
Paris
O'Reilly
2001
|
| נושאים: | |
| תגים: |
הוספת תג
אין תגיות, היה/י הראשונ/ה לתייג את הרשומה!
|
| Thư viện lưu trữ: | Trung tâm Học liệu Trường Đại học Cần Thơ |
|---|
| LEADER | 00682nam a2200193Ia 4500 | ||
|---|---|---|---|
| 001 | CTU_232668 | ||
| 008 | 210402s9999 xx 000 0 und d | ||
| 082 | |a 005.44769 | ||
| 082 | |b M126 | ||
| 100 | |a McLaughlin, Brett | ||
| 245 | 0 | |a Java & XML | |
| 245 | 0 | |c Brett McLaughlin, Elliotte Rusty Harold | |
| 260 | |a Paris | ||
| 260 | |b O'Reilly | ||
| 260 | |c 2001 | ||
| 520 | |a Concepts de base, SAX, concepts SAX avancés, concepts DOM avancés, concepts JDOM avancés, cadres de publication web... | ||
| 650 | |a Java (ngôn ngữ chương trình máy tinh),Java (Computer program language) | ||
| 910 | |b dqhieu | ||
| 980 | |a Trung tâm Học liệu Trường Đại học Cần Thơ | ||